3 Clues and a Creature - Statistics

General Stats
  • This quiz has been taken 28 times
  • The average score is 14 of 20
Answer Stats
Hint Creature % Correct
Garlic, Silver, Stakes Vampire
96%
White, Horse, Horn Unicorn
92%
Greek, Bird, Fire Phoenix
88%
Himalayas, Abominable Snowman, Meh-Teh Yeti
84%
North America, Hairy, Missing Link Bigfoot / Sasquatch
80%
Fire, Castles, Treasure Dragon
80%
Ugly, Snake Hair, Stone Medusa
80%
Brains, Haiti, Post-Appocolyptic Zombie
80%
Hades, Guardian, Three Heads Cerberus
72%
Many heads, Poison Breath, Hercules Hydra
72%
Scotland, Niseag, Lake Loch Ness Monster
72%
Ovid, Bull, Labyrinth Minotaur
72%
Greek, Singing, Shipwreck Siren
72%
Silver Bullet, Moon, Lycanthrope Werewolf
68%
Luck, Clovers, Treasure Leprechaun
64%
Travelocity, Small, Garden Gnome
60%
Body Parts, Electricity, Torches Frankenstein Monster
56%
Closet, Night, Bad Children Boogeyman
52%
Greek, One Breast, Warriors Amazon
48%
Lion, Goat, Snake Chimera
28%
No matching quizzes found
Score Distribution
Percent of People with Each Score
Percentile by Number Answered
Your Score History
You have not taken this quiz